Nombre de Ligue des Champions remportées - Erreurs éliminatoires - Statistiques

Statistiques générales
  • Ce quiz a été pris 2 530 fois
    1 729 depuis la dernière actualisation
  • Le résultat moyen est 7 sur 23
Statistiques - réponses
Club Nb. de Coupe % Correct
Feyenoord Rotterdam 1
80%
Steaua Bucarest 1
78%
FC Porto 2
66%
Olympique de Marseille 1
53%
Étoile rouge de Belgrade 1
46%
AC Milan 7
46%
Celtic Glasgow 1
40%
Chelsea FC 2
33%
Liverpool FC 6
31%
Manchester City 1
27%
FC Barcelone 5
25%
Paris Saint Germain 1
22%
Ajax Amsterdam 4
22%
PSV Eindhoven 1
20%
Aston Villa 1
19%
Inter Milan 3
17%
Borussia Dortmund 1
16%
Juventus 2
16%
Nottingham Forest 2
16%
Hambourg SV 1
15%
Manchester United 3
14%
Bayern Munich 6
13%
Benfica Lisbonne 2
12%
Aucun quiz correspondant
Distribution des résultats
% des personnes avec chaque résultat
Percentile par nombre de réponses
Votre historique - résultats
Vous n’avez pas pris ce quiz depuis la dernière actualisation